Aston Villa players since 2000 - Statistics

General Stats
  • This quiz has been taken 35 times
  • The average score is 80 of 252
Answer Stats
Ranking Player Positions Nationality Matches Goals Assists Periods % Correct
3 John McGinn CM 243 23 35 2018-2025
100%
17 Matty Cash RB 148 7 9 2020-2025
97%
11 Emiliano Martínez GK 181 0 0 2020-2025
91%
6 Ezri Konsa CB 197 8 3 2019-2025
91%
14 Tyrone Mings CB 170 8 9 2018-2025
89%
13 Douglas Luiz CM 175 20 18 2019-2024
86%
10 Ollie Watkins ST 184 75 36 2020-2025
83%
35 Leon Bailey RW 110 16 17 2021-2025
80%
37 Lucas Digne LB 109 2 12 2021-2025
80%
5 Ashley Young RB 210 30 39 2006-2010, 2021-2023
77%
1 Gabriel Agbonlahor ST 341 75 39 2005-2018
77%
2 Gareth Barry DM 301 38 38 2000-2009
77%
63 Luke Young RB 75 2 1 2008-2012
77%
8 Stiliyan Petrov CM 185 9 11 2006-2012
77%
28 Brad Friedel GK 114 0 0 2008-2011
74%
75 Darren Bent ST 61 21 3 2010-2012, 2014-2015
74%
89 Pau Torres CB 53 2 0 2023-2025
74%
71 Youri Tielemans CM 68 5 14 2023-2025
74%
153 Amadou Onana DM 26 3 0 2024-2025
71%
50 Christian Benteke ST 89 42 8 2012-2015
71%
53 Emiliano Buendía AM 85 9 8 2021-2022, 2024-2025
71%
7 Jack Grealish LW 185 29 35 2013-2021
71%
22 Jacob Ramsey LM 137 14 14 2018-2019, 2020-2025
71%
87 Jhon Durán ST 55 12 1 2022-2025
71%
188 Robin Olsen GK 14 0 0 2021-2025
71%
197 Adama Traoré RW 11 0 1 2015-2017
69%
85 Bertrand Traoré RW 55 9 7 2020-2024
69%
98 Morgan Rogers AM 48 11 12 2023-2025
69%
41 James Milner CM 100 12 22 2005-2006, 2008-2011
66%
29 John Carew ST 113 37 11 2006-2011
63%
20 Brad Guzan GK 144 0 1 2008-2009, 2011-2016
60%
82 Mahmoud Trezeguet LW 56 8 3 2019-2022
60%
220 Robbie Keane ST 6 3 0 2011-2012
60%
4 Olof Mellberg CB 232 8 4 2001-2008
57%
68 Boubacar Kamara DM 70 1 2 2022-2025
54%
145 Ian Maatsen LB 29 1 2 2024-2025
54%
47 James Collins CB 91 5 0 2009-2012
54%
40 Anwar El Ghazi RW 102 20 11 2018-2022
51%
184 Donyell Malen RW 14 3 0 2024-2025
51%
90 Jordan Ayew RW 51 9 4 2015-2017
51%
21 Thomas Sörensen GK 139 0 0 2003-2007
51%
31 Ahmed El Mohamady RB 113 3 13 2017-2021
49%
9 Alan Hutton RB 185 3 7 2011-2012, 2014-2019
49%
92 Curtis Davies CB 50 3 1 2007-2010
49%
96 Danny Ings ST 48 13 6 2021-2023
49%
204 Marcus Rashford LW 10 2 3 2024-2025
49%
144 Peter Schmeichel GK 29 1 0 2001-2002
49%
110 Philippe Coutinho AM 41 6 3 2021-2024
49%
121 Tammy Abraham ST 37 25 3 2018-2019
49%
132 John Terry CB 32 1 1 2017-2018
46%
12 Juan Pablo Ángel ST 175 44 9 2000-2007
46%
65 Keinan Davis ST 73 3 2 2016-2022
46%
152 Micah Richards RB 26 1 1 2015-2017
46%
106 Milan Baros ST 42 9 2 2005-2007
46%
119 Moussa Diaby RW 38 6 10 2023-2024
46%
102 Ross Barkley CM 44 6 2 2020-2021, 2024-2025
46%
100 Stephen Ireland AM 47 1 4 2010-2013
46%
48 Steven Davis CM 91 5 1 2004-2007
46%
99 Carlos Sánchez DM 48 1 0 2014-2016
43%
114 Diego Carlos CB 40 0 0 2022-2025
43%
148 Gary Cahill CB 28 1 0 2005-2008
43%
77 Marvelous Nakamba DM 58 0 0 2019-2022
43%
62 Mile Jedinak DM 75 1 2 2016-2019
43%
122 Peter Crouch ST 37 6 3 2001-2004
43%
44 Richard Dunne CB 95 4 1 2009-2012
43%
60 Ron Vlaar CB 79 2 2 2012-2015
43%
120 Shay Given GK 37 0 0 2011-2012, 2014-2015
43%
111 Álex Moreno LB 40 2 3 2022-2024
40%
249 Derrick Williams CB 1 0 0 2012-2013
40%
33 Fabian Delph CM 112 3 6 2009-2015
40%
79 Ian Taylor CM 58 7 1 2000-2003
40%
125 Idrissa Gueye DM 35 0 1 2015-2016
40%
213 Lamare Bogarde CB 8 0 0 2024-2025
40%
147 Leander Dendoncker DM 28 1 0 2022-2024
40%
190 Marco Asensio AM 13 3 1 2024-2025
40%
51 Neil Taylor LB 89 0 4 2016-2021
40%
193 Stuart Taylor GK 12 0 0 2005-2008
40%
42 Thomas Hitzlsperger CM 99 8 12 2000-2005
40%
169 Tom Heaton GK 20 0 0 2019-2020
40%
30 Andreas Weimann AM 113 17 8 2010-2015
37%
215 Andrés García RB 7 0 0 2024-2025
37%
150 Carlton Cole ST 27 3 0 2004-2005
37%
183 Clément Lenglet CB 14 0 1 2023-2024
37%
24 Conor Hourihane CM 132 23 23 2016-2021
37%
46 Emile Heskey ST 92 9 4 2008-2012
37%
194 Joe Cole AM 12 1 1 2014-2015
37%
181 Kyle Walker RB 15 1 3 2010-2011
37%
27 Leandro Bacuna CM 116 7 7 2013-2018
37%
56 Matt Targett LB 83 2 6 2019-2022
37%
157 Nicolò Zaniolo AM 25 2 0 2023-2024
37%
94 Nolberto Solano RM 49 8 5 2003-2006
37%
69 Alan Wright LB 69 1 2 2000-2003
34%
116 Axel Tuanzebe RB 39 0 1 2017-2018, 2021-2022
34%
146 Carles Gil AM 28 2 2 2014-2016
34%
118 David James GK 38 0 0 2000-2001
34%
38 Dion Dublin ST 105 25 5 2000-2004
34%
159 Kevin Phillips ST 23 4 2 2005-2006
34%
156 Wesley Moraes ST 25 5 1 2019-2022
34%
88 Aaron Hughes CB 54 0 3 2005-2007
31%
182 Ally Samatta ST 14 1 0 2019-2020
31%
59 Charles N'Zogbia RW 80 4 10 2011-2012, 2014-2016
31%
23 Ciaran Clark CB 134 7 4 2009-2016
31%
70 Glenn Whelan DM 68 2 4 2017-2019
31%
26 James Chester CB 119 11 1 2016-2019
31%
162 Morgan Sanson CM 21 0 0 2020-2023
31%
139 Ørjan Nyland GK 30 0 0 2018-2020
31%
113 Andre Green LW 40 2 1 2015-2019
29%
45 Carlos Cuéllar CB 94 2 5 2008-2012
29%
19 Darius Vassell ST 145 35 9 2000-2005
29%
16 Jlloyd Samuel LB 160 2 5 2000-2007
29%
117 Jores Okore CB 38 1 0 2013-2016
29%
104 Kortney Hause CB 43 4 0 2018-2022
29%
55 Martin Laursen CB 84 8 4 2004-2009
29%
66 Matthew Lowton RB 72 2 6 2012-2015
29%
196 Pepe Reina GK 12 0 0 2019-2020
29%
95 Ronny Johnsen CB 49 1 0 2002-2004
29%
86 Aly Cissokho CB 55 0 1 2014-2017
26%
97 Birkir Bjarnason CM 48 5 2 2016-2019
26%
137 Calum Chambers CB 30 1 1 2021-2024
26%
131 David Ginola LW 32 3 4 2000-2002
26%
155 Frédéric Guilbert RB 25 0 2 2019-2020
26%
138 Joleon Lescott CB 30 2 0 2015-2016
26%
130 Kieran Richardson LB 33 0 2 2014-2016
26%
223 Kosta Nedeljkovic RB 5 0 0 2024-2025
26%
52 Marc Albrighton RM 86 7 14 2009-2014
26%
39 Nigel Reo-Coker CM 102 1 2 2007-2011
26%
143 Patrik Berger AM 29 2 4 2005-2008
26%
107 Peter Enckelman GK 42 0 0 2001-2003
26%
211 Philippe Senderos CB 8 0 0 2014-2015
26%
126 Scott Carson GK 35 0 4 2007-2008
26%
54 Stephen Warnock LB 84 2 6 2009-2012
26%
73 Stewart Downing LM 63 9 8 2009-2011
26%
57 Wilfred Bouma LB 83 1 2 2005-2008
26%
18 Ashley Westwood DM 147 5 11 2012-2017
23%
186 Carney Chukwuemeka CM 14 0 1 2020-2022
23%
192 Christopher Samba CB 12 1 0 2017-2018
23%
134 Gareth Southgate CB 31 2 0 2000-2001
23%
109 Henri Lansbury CM 41 2 3 2016-2020
23%
237 Jan Bednarek CB 3 0 0 2022-2023
23%
154 Jordan Veretout CM 25 0 5 2015-2016
23%
15 Lee Hendrie CM 166 20 10 2000-2007
23%
128 Mustapha Hadji AM 35 2 2 2001-2004
23%
112 Robert Snodgrass RW 40 8 13 2017-2018
23%
123 Scott Sinclair LW 36 3 0 2014-2016
23%
136 Tom Cleverley CM 31 3 0 2014-2015
23%
32 Albert Adomah RW 113 21 18 2016-2019
20%
216 Axel Disasi CB 7 0 0 2024-2025
20%
177 Björn Engels CB 17 1 0 2019-2020
20%
124 Chris Herd DM 36 1 0 2010-2014
20%
201 Eric Djemba Djemba DM 11 0 0 2004-2007
20%
221 Gábor Király GK 5 0 0 2006-2007
20%
67 George Boateng DM 70 2 0 2000-2002
20%
171 Jed Steer GK 19 0 0 2014-2015, 2018-2019, 2021-2022
20%
43 Jonathan Kodjia ST 96 29 6 2016-2020
20%
170 Libor Kozák ST 20 4 0 2013-2014, 2015-2017
20%
217 Lovre Kalinic GK 7 0 0 2018-2019
20%
236 Ludwig Augustinsson LB 3 0 0 2022-2023
20%
58 Luke Moore ST 82 14 2 2003-2008
20%
239 Michael Bradley CM 3 0 0 2010-2011
20%
76 Paul Merson RM 59 8 2 2000-2002
20%
167 Pierluigi Gollini GK 20 0 0 2016-2017
20%
212 Ritchie De Laet RB 8 0 0 2016-2018
20%
93 Rudy Gestede ST 50 9 3 2015-2017
20%
72 Sam Johnstone GK 66 0 1 2016-2018
20%
151 Stefan Moore ST 27 2 0 2002-2005
20%
49 Ulises de la Cruz RB 89 1 5 2002-2006
20%
165 Yannick Bolasie LW 21 2 4 2018-2019
20%
209 Bosko Balaban ST 8 0 0 2001-2002
17%
80 Craig Gardner CM 58 5 0 2005-2010
17%
105 Gary Gardner CM 42 1 0 2011-2012, 2016-2017
17%
36 Gavin McCann CM 110 3 2 2003-2007
17%
231 Indiana Vassilev RW 4 0 0 2019-2020
17%
187 Jaden Philogene LW 14 0 0 2020-2021, 2023-2025
17%
103 Jordan Amavi LB 44 0 3 2015-2017
17%
166 Julian Joachim ST 20 7 0 2000-2001
17%
91 Karim El Ahmadi DM 51 3 1 2012-2014
17%
25 Mark Delaney RB 128 1 3 2000-2006
17%
234 Nicklas Helenius ST 3 0 0 2013-2014
17%
189 Phil Bardsley RB 13 0 1 2006-2007
17%
206 Robert Pirès LM 9 0 0 2010-2011
17%
115 Zat Knight CB 40 2 1 2007-2009
17%
178 Aleksandar Tonev LW 17 0 0 2013-2014
14%
176 Antonio Luna LB 17 1 0 2013-2014
14%
74 Barry Bannan CM 63 1 4 2010-2013
14%
149 Brett Holman AM 27 1 3 2012-2013
14%
227 Callum Robinson ST 4 0 0 2013-2014
14%
214 Chris Sutton ST 8 1 2 2006-2007
14%
219 Enda Stevens LB 7 0 0 2012-2013
14%
133 Eric Lichaj RB 32 1 2 2010-2013
14%
207 Habib Beye RB 9 0 0 2009-2011
14%
218 Jean Makoun DM 7 0 0 2010-2011
14%
61 Liam Ridgewell CB 79 6 2 2003-2007
14%
127 Marcus Allbäck ST 35 6 2 2002-2004
14%
34 Nathan Baker CB 112 1 0 2010-2014, 2016-2017
14%
168 Ross McCormack CF 20 3 1 2016-2017
14%
191 Rushian Hepburn-Murphy ST 13 0 0 2014-2019
14%
179 Ryan Bertrand LB 16 0 0 2013-2014
14%
81 Scott Hogan ST 56 7 4 2016-2019
14%
64 Steve Staunton LB 73 0 1 2000-2003
14%
83 Steve Stone RM 56 3 0 2000-2002
14%
195 Tim Iroegbunam CM 12 0 0 2021-2022, 2023-2024
14%
243 Tom Carroll CM 2 0 0 2018-2019
14%
108 Tommy Elphick CB 41 1 0 2016-2019
14%
245 Ugo Ehiogu CB 2 0 0 2000-2001
14%
160 Yacouba Sylla DM 22 0 2 2012-2014
14%
78 Alpay Özalan CB 58 1 0 2000-2004
11%
205 Cameron Archer ST 10 0 0 2021-2024
11%
233 Danny Drinkwater CM 4 0 0 2019-2020
11%
252 Finley Munroe CB 1 0 0 2023-2024
11%
163 James Bree RB 21 0 0 2016-2019
11%
240 Jermaine Jenas CM 3 0 0 2011-2012
11%
199 Joey Gudjónsson CM 11 2 2 2002-2003
11%
246 John McGrath LM 2 0 0 2000-2001
11%
174 Jordan Bowery RB 19 0 1 2012-2014
11%
228 Jordan Lyden CM 4 0 0 2015-2016
11%
251 José Crespo CB 1 0 0 2015-2016
11%
242 Kaine Kesler-Hayden RB 3 0 0 2023-2024
11%
180 Lewis Grabban ST 15 8 1 2017-2018
11%
238 Luc Nilis ST 3 1 0 2000-2001
11%
175 Mark Bunn GK 18 0 0 2015-2019
11%
142 Marlon Harewood ST 29 5 0 2007-2009
11%
226 Moustapha Salifou AM 4 0 0 2007-2008
11%
248 Omari Kellyman AM 2 0 0 2023-2024
11%
172 Øyvind Leonhardsen CM 19 3 2 2002-2003
11%
84 Peter Whittingham CM 56 1 5 2002-2007
11%
210 Rob Edwards CB 8 0 0 2002-2003
11%
141 Shaun Maloney AM 30 5 1 2006-2008
11%
198 Stefan Postma GK 11 0 0 2002-2005
11%
208 Aaron Tshibola CM 8 1 0 2016-2017
9%
247 Borja Bastón ST 2 0 0 2019-2020
9%
230 Callum O'Hare AM 4 0 1 2017-2018
9%
185 Eirik Bakke CM 14 0 0 2005-2006
9%
202 Grant Holt ST 10 1 0 2013-2014
9%
161 Hassan Kachloul LM 22 2 0 2001-2002
9%
140 Joe Bennett LB 30 0 2 2012-2014
9%
129 Josh Onomah CM 33 4 3 2017-2018
9%
229 Kevin Toner CB 4 0 1 2015-2016
9%
135 Nathan Delfouneso ST 31 2 0 2008-2013
9%
235 Samir Carruthers CM 3 0 0 2011-2012
9%
232 Simon Dawkins LW 4 0 0 2012-2013
9%
101 Steve Sidwell CM 45 3 2 2008-2011
9%
250 Corey Blackett-Taylor LW 1 0 0 2016-2017
6%
224 Didier Agathé RM 5 0 0 2006-2007
6%
225 Gilles De Bilde ST 4 0 0 2000-2001
6%
173 Isaiah Osbourne CM 19 0 1 2006-2008
6%
222 Jonathan Hogg DM 5 0 0 2010-2011
6%
203 Jota Peleteiro RW 10 0 1 2019-2020
6%
164 Mark Kinsella DM 21 0 1 2002-2004
6%
200 Mathieu Berson DM 11 0 0 2004-2005
6%
158 Nicky Shorey LB 24 0 2 2008-2010
6%
241 Stephen Cooke RM 3 0 0 2002-2003
6%
244 Wayne Routledge LW 2 0 0 2007-2009
6%
No matching quizzes found
Score Distribution
Percent of People with Each Score
Percentile by Number Answered
Your Score History
You have not taken this quiz